000 00756nam a22002417a 4500
003 dpl
005 20180824165012.0
008 180824b xxu||||| |||| 00| 0 eng d
010 _aA-951051
020 _c00.00
035 _aA-951051, A-951055
037 _bCen Lib/Ret
040 _aDPL
_bEN
_c0
082 _a001.422
_bCHA
100 _aChandan, J. S.
_926265
245 _aStatistics for business and economics /
_cby J. S. Chandan
260 _aNew Delhi
_bVikas Publishing House
_c1998
270 _a5, Ansari Road, Darya Ganj
_bNew Delhi
_e110002
300 _axiii,624p. :
_c24cm(Hb)
_bill.
650 _aCommercial statistics
_936989
650 _aEconomics -- Statistical methods
_936990
942 _2ddc
_cEN
_h001.422
_mCHA
999 _c133155
_d133155